Statistics for Tottenham Hotspur scorers in Premier League 2017-2018

Click here to take the quiz!

General Stats

  • This quiz has been taken 120 times
  • The average score is 6 of 9

Answer Stats

PlayerGoals% Correct
Harry Kane24
100%
Heung-min Son12
99%
Dele Alli6
93%
Christian Eriksen7
88%
Moussa Sissoko1
60%
Ben Davies2
55%
Victor Wanyama1
54%
Serge Aurier2
46%
Fernando Llorente1
42%

Score Distribution

Percentile by Number Answered

Percent of People with Each Score

Your Score History

You have not taken this quiz